channel ORANGE - Album (Frank Ocean) - Statistics

General Stats
  • This quiz has been taken 143 times
  • The average score is 12 of 17
Answer Stats
# Title % Correct
15. (André 3000) Pink Matter
86%
7. (Earl Sweatshirt) Super Rich Kids
86%
10. Pyramids
83%
2. Thinkin Bout You
80%
17. End
76%
1. Start
74%
11. Lost
73%
16. Forrest Gump
71%
9. Crack Rock
70%
14. Bad Religion
68%
5. Sweet Life
68%
13. Monks
67%
12. (John Mayer) White
66%
4. Sierra Leone
62%
8. Pilot Jones
61%
3. Fertilizer
57%
6. Not Just Money
49%
No matching quizzes found
Score Distribution
Percent of People with Each Score
Percentile by Number Answered
Your Score History
You have not taken this quiz